Statistics for Countries with the Highest Gold Reserves

Click here to take the quiz!

General Stats

  • This quiz has been taken 140 times
  • The average score is 8 of 10

Answer Stats

Ranking Answer % Correct
#1United States
99%
#5China
97%
#7Russia
93%
#2Germany
91%
#4France
90%
#3Italy
83%
#8Japan
81%
#10India
81%
#6Switzerland
71%
#9Netherlands
60%

Score Distribution

Percentile by Number Answered

Percent of People with Each Score

Your Score History

You have not taken this quiz